000 00570nam a2200181 a 4500
001 000024801
005 20200930023358.0
008 110203s1990 sp r 000 | spa d
020 _a8476455690
040 _aDO-SdBNP
_bspa
_cBNPHU
082 _axxx
_bL362n
100 1 _aLatrach Silva, Waldo A.
_950894
245 1 4 _aLos niños que tienes en tus manos :
_bmanual del pedagogía para padres y maestros /
_cWaldo A. Latrach Silva.
260 _aBarcelona :
_bSeix Barral ,
_c1990.
300 _a515 p. ;
_c19 cm.
500 _aBibliografía : p. 103-104
049 _aBNGR
999 _c24294
_d24294